A history of the machine- wrought hosiery and lace manufacturers
Sparad:
| Huvudupphovsman: | |
|---|---|
| Materialtyp: | Bok |
| Språk: | Undetermined |
| Publicerad: |
New York
Burt Franklin
1967
|
| Ämnen: | |
| Taggar: |
Lägg till en tagg
Inga taggar, Lägg till första taggen!
|
| Thư viện lưu trữ: | Trung tâm Học liệu Trường Đại học Cần Thơ |
|---|
| LEADER | 00516nam a2200181Ia 4500 | ||
|---|---|---|---|
| 001 | CTU_86735 | ||
| 008 | 210402s9999 xx 000 0 und d | ||
| 082 | |a 678.36 | ||
| 082 | |b F316 | ||
| 100 | |a Felkin, William | ||
| 245 | 2 | |a A history of the machine- wrought hosiery and lace manufacturers | |
| 245 | 0 | |c William Felkin | |
| 260 | |a New York | ||
| 260 | |b Burt Franklin | ||
| 260 | |c 1967 | ||
| 650 | |a Hosiery commercial technology | ||
| 904 | |i Năm | ||
| 980 | |a Trung tâm Học liệu Trường Đại học Cần Thơ | ||